[Event "Challenge"]
[Site "http://www.queenalice.com/game.php?id=387864"]
[Date "2008.4.15"]
[Round "-"]
[White "the_knife"]
[Black "Tsitsi"]
[Result "1-0"]
[WhiteElo "2117"]
[BlackElo "1500"]

1. e4 e5 2. Nc3 Nc6 3. Bc4 Nf6 4. d3 Bc5 5. Nge2 Qe7 6. a3 d6 7. Na4 Be6 8. Bxe6
Qxe6 9. O-O O-O 10. Ng3 d5 11. Nxc5 Qd6 12. Nxb7 Qd7 13. Nc5 Qc8 14. f4 Qg4 15.
Be3 Qxd1 16. Raxd1 Rad8 17. fxe5 Nxe5 18. Bg5 Rd6 19. Nf5 Rc6 20. Ne7+ Kh8 21.
d4 Nxe4 22. Nxe4 dxe4 23. dxe5 Re6 24. Rxf7 Re8 25. Bf4 h6 26. Nd5 Rd8 27. Rxc7
a6 28. Kf2 Rg6 29. c4 Kh7 30. Ke3 Rxg2 31. Nf6+ Kg6 32. Rxd8 gxf6 33. Rg8+ Kf5
34. Rxg2 fxe5 35. Bxh6 a5 36. Rc6 a4 37. Rg5# 1-0

[Event "Challenge"]
[Site "http://www.queenalice.com/game.php?id=387865"]
[Date "2008.4.15"]
[Round "-"]
[White "Tsitsi"]
[Black "berguette"]
[Result "1-0"]
[WhiteElo "1621"]
[BlackElo "1448"]

1. e4 e5 2. Nf3 d6 3. Nc3 Nh6 4. d4 Bg4 5. d5 c6 6. h3 Bh5 7. Be2 cxd5 8. Nxd5
f5 9. Bb5+ Nc6 10. Bg5 Qa5+ 11. Nc3 a6 12. Bxc6+ bxc6 13. O-O Nf7 14. Qe2 fxe4
15. Nxe4 d5 16. Ng3 Bg6 17. c4 h6 18. Bd2 1-0

[Event "Challenge"]
[Site "http://www.queenalice.com/game.php?id=387885"]
[Date "2008.4.15"]
[Round "-"]
[White "allvaro"]
[Black "Tsitsi"]
[Result "0-1"]
[WhiteElo "1232"]
[BlackElo "1714"]

1. e4 e5 2. Nh3 d5 3. exd5 Qxd5 4. b3 Bxh3 5. c4 Qc6 6. d3 Bxg2 7. Rg1 Bf3 8.
Be2 Bxe2 9. Qxe2 Nd7 10. b4 Bxb4+ 11. Bd2 Qc5 12. Rg5 O-O-O 13. Nc3 h6 14. Ne4
Qd4 15. Rb1 hxg5 16. Rxb4 Qa1+ 17. Qd1 Qxa2 18. Nxg5 Nc5 19. Nxf7 Nxd3+ 20. Ke2
Nxb4 21. Kf3 Rd3+ 22. Ke4 Qxc4+ 23. Kxe5 Qxf7 24. Qg4+ Qd7 25. Bxb4 Qxg4 0-1

[Event "Challenge"]
[Site "http://www.queenalice.com/game.php?id=387886"]
[Date "2008.4.15"]
[Round "-"]
[White "allvaro"]
[Black "Tsitsi"]
[Result "0-1"]
[WhiteElo "1141"]
[BlackElo "1666"]

1. e4 e5 2. Bc4 Nf6 3. d3 Nc6 4. g4 d5 5. exd5 Nxd5 6. b4 Bxb4+ 7. c3 Nxc3 8.
Qc2 Nxb1+ 9. Kd1 Bxg4+ 10. f3 Nc3+ 11. Kd2 Qd4 12. Ne2 Qf2 13. Re1 Nxe2+ 14. Kd1
Bxf3 15. Rxe2 Qf1# 0-1

[Event "AUTO-ADV-882"]
[Site "http://www.queenalice.com/game.php?id=391607"]
[Date "2008.4.22"]
[Round "1"]
[White "FPM"]
[Black "Tsitsi"]
[Result "0-1"]
[WhiteElo "1957"]
[BlackElo "1688"]

1. e4 e5 2. Nf3 Nc6 3. Bb5 Nf6 4. Bxc6 dxc6 5. Nc3 Bb4 6. d3 Bxc3+ 7. bxc3 Bg4
8. h3 Bxf3 9. Qxf3 O-O 10. d4 exd4 11. O-O dxc3 12. Bg5 Qd4 13. Rae1 b5 14. Bf4
Rae8 15. e5 Nd5 16. Qg3 Nxf4 0-1

[Event "AUTO-ADV-882"]
[Site "http://www.queenalice.com/game.php?id=391608"]
[Date "2008.4.22"]
[Round "1"]
[White "Tsitsi"]
[Black "FPM"]
[Result "0-1"]
[WhiteElo "1668"]
[BlackElo "1894"]

1. e4 g6 2. d4 Bg7 3. Nf3 Nc6 4. c4 b6 5. Nc3 Bb7 6. Be2 e6 7. Bf4 Nge7 8. O-O
O-O 9. d5 Nb8 10. Bg3 exd5 11. Nxd5 Nxd5 12. cxd5 Bxb2 13. Rb1 Bg7 14. Qc1 c6
15. d6 Na6 16. a3 Nc5 17. Nd2 Re8 18. Bf3 Qb8 19. Qc4 Ba6 20. Qb4 Bxf1 21. Rxf1
Bf8 22. Qd4 Bg7 23. e5 Ne6 24. Qe4 Ng5 25. Qg4 Nxf3+ 26. Nxf3 Qb7 27. Re1 f5 28.
Qh3 Qa6 29. Bf4 Qa5 30. g3 Qxa3 31. g4 Rf8 32. g5 Qb4 33. Qh4 Rfe8 34. Qg3 a5
35. Bd2 Qg4 36. Qxg4 fxg4 0-1

[Event "AUTO-ADV-882"]
[Site "http://www.queenalice.com/game.php?id=391623"]
[Date "2008.4.22"]
[Round "1"]
[White "Tsitsi"]
[Black "hartto"]
[Result "0-1"]
[WhiteElo "1677"]
[BlackElo "1910"]

1. e4 c5 2. d3 Nc6 3. f4 g6 4. Nc3 Bg7 5. Bd2 e6 6. Nf3 Nge7 7. Qe2 O-O 8. O-O-O
d5 9. Na4 Qd6 10. e5 Qc7 11. Nxc5 a5 12. g3 b5 13. h4 Nf5 14. Bh3 Nxg3 15. Qe1
Nxh1 16. Qxh1 Nxe5 17. d4 Nxf3 18. Qxf3 Bxd4 19. Nb3 Bb6 20. h5 Kg7 21. Bc3+ f6
22. f5 exf5 23. Qxd5 Rd8 24. Qxa8 f4 25. Qf3 Bb7 26. Qg4 a4 27. Nd2 Be3 28. Qe6
Rd6 29. Be5 fxe5 30. Qxe5+ Kh6 31. Qxb5 Bc6 32. Qe2 Be4 33. c3 Bd3 34. Qxd3 Rxd3
35. Kc2 Qd8 36. Re1 Rxd2+ 0-1

[Event "AUTO-ADV-882"]
[Site "http://www.queenalice.com/game.php?id=391624"]
[Date "2008.4.22"]
[Round "1"]
[White "hartto"]
[Black "Tsitsi"]
[Result "1-0"]
[WhiteElo "1879"]
[BlackElo "1689"]

1. d4 d5 2. c4 Nf6 3. Nc3 e6 4. Bg5 Be7 5. Nf3 dxc4 6. e3 Nd5 7. Bxe7 Qxe7 8.
Bxc4 Nxc3 9. bxc3 Qa3 10. Qb3 Qxb3 11. axb3 Nc6 12. O-O Bd7 13. Bb5 O-O-O 14. c4
a6 15. Bxc6 Bxc6 16. Ne5 Be4 17. Nxf7 Rhf8 18. Nxd8 Rxd8 19. f3 Bc2 20. b4 Bd3
21. Rfc1 e5 22. Ra3 Bg6 23. d5 e4 24. f4 h5 25. h3 Rd6 26. g4 hxg4 27. hxg4 Rb6
28. f5 Be8 29. Rb3 a5 30. b5 a4 31. Ra3 Bxb5 32. cxb5 Rxb5 33. d6 Rb3 34. Rxc7+
Kd8 35. Rxb3 axb3 36. Rxb7 g5 37. Kf1 b2 38. Ke1 b1=Q+ 39. Rxb1 Kd7 40. Rd1 Ke8
41. Rd4 Kd7 42. Kd2 Kc6 43. d7 Kb6 44. d8=Q+ 1-0

[Event "AUTO-ADV-882"]
[Site "http://www.queenalice.com/game.php?id=391625"]
[Date "2008.4.22"]
[Round "1"]
[White "Tsitsi"]
[Black "wolfgang"]
[Result "0-1"]
[WhiteElo "1744"]
[BlackElo "1730"]

1. e4 e5 2. Nc3 Nc6 3. Nf3 Nf6 4. Bb5 Bb4 5. Bxc6 dxc6 6. Nxe5 O-O 7. O-O Bxc3
8. bxc3 Nxe4 9. Qe1 Qd5 10. d3 Qxe5 11. dxe4 b6 12. Qe3 c5 13. Bd2 c4 14. Qd4
Qe6 15. Qd5 c6 16. Qxe6 Bxe6 17. Rae1 Rad8 18. Be3 Rfe8 19. e5 h6 20. h3 Bf5 21.
Bf4 Bxc2 22. g3 Bd3 23. Rd1 Bxf1 24. Rxd8 Rxd8 25. Kxf1 g5 26. Be3 c5 27. a4
Rd1+ 28. Kg2 Kg7 29. g4 Ra1 30. h4 gxh4 31. Kh3 Rxa4 32. Kxh4 Kg6 33. g5 hxg5+
34. Bxg5 Kf5 35. f4 Ra3 36. Kh5 Rxc3 37. Kh6 Rh3+ 38. Kg7 Ke6 39. Bd8 Rf3 40.
Bg5 c3 0-1

[Event "AUTO-ADV-882"]
[Site "http://www.queenalice.com/game.php?id=391626"]
[Date "2008.4.22"]
[Round "1"]
[White "wolfgang"]
[Black "Tsitsi"]
[Result "1-0"]
[WhiteElo "1717"]
[BlackElo "1714"]

1. d4 d5 2. Nf3 Nf6 3. e3 e6 4. Bd3 c5 5. b3 cxd4 6. Nxd4 e5 7. Ne2 e4 8. Bb5+
Bd7 9. Nd4 Bxb5 10. Nxb5 a6 11. Nd4 Nc6 12. Bb2 Bc5 13. O-O O-O 14. c3 Ne5 15.
b4 Bd6 16. f3 Nc4 17. Qe2 Nxb2 18. Qxb2 Nh5 19. Nf5 Qf6 20. Nxd6 Qxd6 21. Nd2 b5
22. Rad1 Nf6 23. fxe4 Ng4 24. Rf4 Nxe3 25. Rdf1 Nxf1 26. Rxf1 Rae8 27. Re1 dxe4
28. Nxe4 Qf4 29. Qb1 f5 30. Nc5 Rxe1+ 31. Qxe1 Qc4 32. a4 bxa4 33. Nxa4 a5 34.
Nb2 Qb3 35. Nd3 a4 36. Nc5 Qa3 37. Nd7 Kf7 38. Nxf8 Kxf8 39. b5 Qb3 40. Qe5 g6
41. Qc5+ Kg7 42. Qc7+ Kh6 43. b6 a3 44. b7 Qd1+ 45. Kf2 a2 46. b8=Q a1=Q 47.
Qf4+ g5 48. Qf8+ Kg6 49. Q8xf5+ Kg7 50. Q4xg5+ Kh8 51. Qff6# 1-0

[Event "Challenge"]
[Site "http://www.queenalice.com/game.php?id=392092"]
[Date "2008.4.23"]
[Round "-"]
[White "Tsitsi"]
[Black "presidentdalsace"]
[Result "1-0"]
[WhiteElo "1666"]
[BlackElo "769"]

1. e4 Nf6 2. Nc3 c6 3. d4 d5 4. Bg5 dxe4 5. Bxf6 exf6 6. Nxe4 Qe7 7. Qe2 f5 8.
Nc3 Be6 9. O-O-O Na6 10. Nf3 b5 11. Nxb5 Bxa2 12. Nc3 Be6 13. Qxa6 Qb4 14. Qxc6+
Bd7 15. Qxa8+ Ke7 16. Re1+ Be6 17. Qxa7+ Kf6 18. Bd3 Bd6 19. d5 Bf4+ 20. Nd2
Bxd5 21. Nxd5+ 1-0

[Event "Challenge"]
[Site "http://www.queenalice.com/game.php?id=392097"]
[Date "2008.4.23"]
[Round "-"]
[White "Tsitsi"]
[Black "the_knife"]
[Result "0-1"]
[WhiteElo "1666"]
[BlackElo "2141"]

1. e4 Nf6 2. Nc3 d5 3. f3 e5 4. d4 exd4 5. Qxd4 Nc6 6. Qd1 Be6 7. Nge2 dxe4 8.
Qxd8+ Rxd8 9. Bf4 exf3 10. gxf3 Rd7 11. Rd1 Bc5 12. Rxd7 Kxd7 13. Ne4 Nxe4 14.
fxe4 Nb4 15. Nc3 Nxc2+ 16. Kd1 Ne3+ 17. Bxe3 Bxe3 18. a3 Bg4+ 19. Be2 Bxe2+ 20.
Nxe2 Ke6 21. Nc3 Rd8+ 22. Ke2 Bf4 23. h3 Be5 24. Ke3 c6 25. Rf1 g6 26. Rf3 Bxc3
27. bxc3 Rd1 28. Kf4 Ra1 29. c4 Rc1 30. Kg5 Rxc4 31. Rf6+ Ke7 32. e5 Rc5 33. Rf3
Rxe5+ 34. Kh6 Rh5+ 35. Kg7 Rf5 36. Rxf5 gxf5 37. Kxh7 f4 38. h4 f3 39. h5 f2 40.
h6 Kf8 0-1

[Event "Challenge"]
[Site "http://www.queenalice.com/game.php?id=397963"]
[Date "2008.5.4"]
[Round "-"]
[White "berguette"]
[Black "Tsitsi"]
[Result "0-1"]
[WhiteElo "1462"]
[BlackElo "1666"]

1. d4 d5 2. Nc3 Nf6 3. Nf3 Nc6 4. Ne5 Qd6 5. Nb5 Qb4+ 6. Nc3 Nxd4 7. b3 Qxc3+ 8.
Bd2 Nxc2+ 9. Qxc2 Qxc2 10. Rc1 Qxa2 11. e3 Qxb3 12. Rc3 Qb6 13. Bd3 Ne4 14. Ra3
Qb2 15. Bxe4 dxe4 16. Rc3 c6 17. O-O Qxd2 18. Rcc1 e6 19. Nf3 exf3 20. gxf3 Bd7
21. Rfd1 Qa5 22. e4 f5 23. exf5 Qxf5 24. Rc2 Qxc2 25. Re1 Qf5 26. h4 Qxf3 27.
Rf1 Bd6 28. Re1 O-O 29. Rf1 Qh3 30. Re1 Qh2+ 31. Kf1 Qxf2# 0-1

[Event "Challenge"]
[Site "http://www.queenalice.com/game.php?id=398384"]
[Date "2008.5.5"]
[Round "-"]
[White "presidentdalsace"]
[Black "Tsitsi"]
[Result "0-1"]
[WhiteElo "971"]
[BlackElo "1688"]

1. e4 e5 2. Nf3 Nc6 3. Bc4 Nf6 4. Ng5 d5 5. exd5 Nxd5 6. Qf3 Qxg5 7. Bxd5 Be6 8.
Bxc6+ Bd7 9. Bxb7 Rd8 10. Bd5 Qf5 11. Qc3 c6 12. Bxc6 Be7 13. Bxd7+ Rxd7 14.
Qc8+ Bd8 15. O-O O-O 16. Qc3 Bf6 17. Qg3 Re7 18. d3 h6 19. Nd2 Rc8 20. c4 e4 21.
dxe4 Qe5 22. Qxe5 Bxe5 23. b3 Bxa1 24. e5 Bxe5 25. f4 Bd4+ 26. Kh1 Rce8 27. Nf3
f5 28. a4 Bc3 29. c5 Re1 30. Kg1 R1e2 31. c6 Ba5 32. Bb2 Rxb2 0-1

[Event "Challenge"]
[Site "http://www.queenalice.com/game.php?id=400464"]
[Date "2008.5.9"]
[Round "-"]
[White "slurp"]
[Black "Tsitsi"]
[Result "1-0"]
[WhiteElo "1268"]
[BlackElo "1744"]

1. e4 e5 2. Nf3 Nc6 3. Be2 Nf6 4. O-O Bd6 5. Nc3 O-O 6. d3 Nd4 7. Nxd4 exd4 8.
Nd5 Nxd5 9. exd5 c6 10. Bf3 Qf6 11. Re1 Bf4 12. Bxf4 Qxf4 13. Re4 Qf6 14. Qe1 g6
15. Qd2 Qg7 16. Rae1 cxd5 17. Re8 d6 18. Bxd5 Bd7 19. R8e7 Rad8 20. Bxb7 h5 21.
b3 Rfe8 22. Rxe8+ Bxe8 23. Qa5 Qf6 24. a4 Kg7 25. Qxa7 d5 26. b4 Kh6 27. b5 Qf4
28. Bc6 Qd2 29. Qe7 Rc8 30. Bxe8 Rxc2 31. Rf1 Qxd3 32. Qe1 Qc4 33. b6 Re2 34.
Bb5 Rxe1 35. Bxc4 Re5 36. Bb5 f5 37. b7 Re8 38. Bxe8 Kg5 39. b8=Q Kf6 40. Qd6+
Kg5 41. Re1 d3 42. f4+ Kg4 43. Qxg6+ Kxf4 44. Qg3# 1-0

[Event "Challenge"]
[Site "http://www.queenalice.com/game.php?id=413129"]
[Date "2008.6.4"]
[Round "-"]
[White "Tsitsi"]
[Black "slurp"]
[Result "0-1"]
[WhiteElo "1659"]
[BlackElo "1362"]

1. e4 e5 2. Nc3 Bc5 3. Nh3 d6 4. g4 Be6 5. d3 Nc6 6. Be3 Bxe3 7. fxe3 Qh4+ 8.
Nf2 Nge7 9. Qf3 O-O-O 10. O-O-O g5 11. Nd5 h5 12. Bh3 Rdf8 13. Nxe7+ Nxe7 14.
Qf6 Nc6 15. Rhg1 Bxa2 16. d4 exd4 17. exd4 Nd8 18. d5 Rfg8 19. gxh5+ Kb8 20. Rg4
Qxh5 21. b3 Qg6 22. Qxg6 Rxg6 23. Kb2 Bxb3 24. Kxb3 Rf6 25. Rxg5 Rxf2 26. Bf5
Rf3+ 27. Rd3 Rf2 28. h3 a6 29. Rc3 b6 30. Rcg3 Ka7 31. Rg8 Rxg8 32. Rxg8 Nb7 33.
Rf8 Nc5+ 34. Kb2 Nd3+ 35. Kc3 Ne5 36. Be6 b5 37. Bc8 Rf3+ 38. Kb2 Nc4+ 39. Kc1
Rf1# 0-1

[Event "Challenge"]
[Site "http://www.queenalice.com/game.php?id=414186"]
[Date "2008.6.6"]
[Round "-"]
[White "takadiyi"]
[Black "Tsitsi"]
[Result "0-1"]
[WhiteElo "1623"]
[BlackElo "1556"]

1. e4 e5 2. Nc3 Nc6 3. Nf3 Nf6 4. Bc4 Nd4 5. Nxe5 Ne6 6. Qf3 Bd6 7. Ng4 Nxg4 8.
Qxg4 c6 9. Bxe6 dxe6 10. Qxg7 Ke7 11. d4 Qg8 12. Bg5+ Kd7 13. Qxg8 Rxg8 14. e5
Rxg5 15. exd6 Kxd6 16. Ne4+ Kd5 17. Nxg5 Kxd4 18. Nxf7 Bd7 19. O-O Kc5 20. Rad1
Be8 21. Ng5 Bg6 22. Nxe6+ Kb6 23. c3 Re8 24. Nf4 Bc2 25. Rd7 a5 26. Rxh7 Bxh7
27. a3 a4 28. h3 Kb5 29. Rd1 Bg8 30. Rd7 b6 31. h4 Kc4 32. Rd4+ Kb3 33. Rb4+ Ka2
34. Rxb6 Re4 35. g3 Re1+ 36. Kh2 Rb1 37. Nd3 Bc4 38. Nc5 Rxb2 39. Rxb2+ Kxb2 40.
Nxa4+ Kxa3 41. Nb6 Kb3 42. Nxc4 Kxc4 43. h5 Kxc3 44. h6 c5 45. h7 Kb4 46. h8=Q
c4 47. Qh4 Kb3 48. Qd4 c3 0-1

[Event "All Right, Then!"]
[Site "http://www.queenalice.com/game.php?id=420985"]
[Date "2008.6.21"]
[Round "-"]
[White "Tsitsi"]
[Black "Tlaloc2k"]
[Result "0-1"]
[WhiteElo "1584"]
[BlackElo "1620"]

1. e4 e5 2. d4 Qf6 3. Nf3 d6 4. d5 h6 5. Nc3 Bd7 6. h3 c6 7. Be3 Ne7 8. Qd3 g5
9. Be2 g4 10. hxg4 c5 11. Qc4 Bxg4 12. Qb5+ Bd7 13. Qxb7 Bg7 14. Qxa8 O-O 15.
Qxa7 Ng6 16. Bb5 Bxb5 17. Nxb5 Nf4 18. O-O-O Nxg2 19. Qb6 Qxf3 20. Nxd6 Nxe3 21.
Qxc5 Nxd1 22. Rxd1 Qf4+ 23. Kb1 Nd7 0-1

[Event "Easy Does It!"]
[Site "http://www.queenalice.com/game.php?id=420987"]
[Date "2008.6.21"]
[Round "-"]
[White "Tlaloc2k"]
[Black "Tsitsi"]
[Result "1-0"]
[WhiteElo "1635"]
[BlackElo "1569"]

1. d4 d5 2. Nc3 Nf6 3. Qd3 Nc6 4. Bf4 a6 5. O-O-O e6 6. Nf3 Bd6 7. Ne5 Ne4 8.
Qf3 Nxc3 9. Qxc3 Qf6 10. g3 O-O 11. Nxc6 Bxf4+ 12. gxf4 Qxf4+ 13. e3 Qh4 14. Ne5
Qxf2 15. Bh3 f6 16. Ng4 Qf3 17. e4 Qxe4 18. Qxc7 Qf3 19. Qg3 Qe4 20. Bg2 Qg6 21.
h3 h5 22. Rd3 hxg4 23. h4 Rd8 24. h5 Qg5+ 25. Kb1 1-0